00922nam a2200205 a 450000100100000000500170001000800410002704000250006808200160009311000520010924500860016126000370024730000270028470000340031104900090034595201150035495201150046995201150058499900170069900003192220200930063302.0110707s200u dr a 000 0 spa d aDO-SdBNPbspacBNPHU axxxxbF981i1 aFundación Agricultura y Medio Ambiente95808313aLa importancia de la materia orgánica en los suelos /ceditora Andrea Brechelt. aSanto Domingo :bFAMA,c[200-?]. a10 p. :bil. ;c22 cm.1 aBrechelt, Andrea,eed.922300 aBNPD 00107-18PDaGRbGRcOId2011-07-07iLF1l0oxxxx F981ip31922-30r2020-06-25w2020-06-25yLFPDZNo se presta 00107-18PDaPDbPDcOId2011-07-07iLF1l0oxxxx F981ip31922-10r2020-06-25w2020-06-25yLFPDZNo se presta 00107-18PDaPDbPDcOId2011-07-07iLF1l0oxxxx F981ip31922-20r2020-06-25w2020-06-25yLFPDZNo se presta c31413d31413